| 000 | 00847nam a2200241 a 4500 | ||
|---|---|---|---|
| 001 | 000026823 | ||
| 005 | 20240409073641.0 | ||
| 008 | 110325t1947 mx ac 001 0deng d | ||
| 040 |
_aDO-SdBNP _bspa _cBNPHU |
||
| 041 | 0 | 7 | _aeng |
| 082 |
_a325.210946097293 _bH474t |
||
| 100 | 1 |
_aHelfant, Henry _953943 |
|
| 245 | 1 | 4 |
_aThe Trujillo doctrine of the humanitarian diplomatic asylum / _cHenry Helfant. |
| 260 |
_aMéxico : _bOffset Continente, _c1947. |
||
| 300 |
_a288 p. : _bil., retrs. ; _c20 cm. |
||
| 504 | _aIncluye bibliografía de la guerra civil española y el asilo diplomático (1936-1939). | ||
| 546 | _aInglés | ||
| 600 | 1 | 0 |
_aTrujillo Molina, Rafael Leónidas, _d 1891-1961 _976764 |
| 650 | 4 |
_aRefugiados politicos _953944 |
|
| 650 | 4 |
_aRefugiados españoles _953945 |
|
| 910 | _aValidado. Control de calidad EMS. | ||
| 049 | _aBNPD | ||
| 999 |
_c26315 _d26315 |
||